[Event "Int. Stuttgarter Stadtmeisterschaft A"]
[Site "Ditzingen"]
[Date "2019.06.01"]
[Round "6.31"]
[White "Giebler, Kai"]
[Black "Steinhart, Christoph"]
[Result "0-1"]
[WhiteElo "1730"]
[BlackElo "1972"]
[PlyCount "82"]
[EventDate "2019.??.??"]
[WhiteTeam "TSF Ditzingen"]
[BlackTeam "TSV SchÃ¶naich"]

1. e4 c5 2. Nf3 d6 3. Bb5+ Bd7 4. Bxd7+ Qxd7 5. O-O g6 6. c3 Bg7 7. Re1 e6 8.
d3 Nc6 9. Nbd2 Nge7 10. Qc2 O-O 11. Nc4 b5 12. Ne3 d5 13. exd5 exd5 14. Bd2
Rfe8 15. Rad1 a5 16. Bc1 d4 17. Nf1 Nd5 18. cxd4 cxd4 19. a3 Rxe1 20. Rxe1 Rc8
21. Qb3 Rb8 22. Ng3 a4 23. Qd1 Na5 24. Ne2 Nb3 25. Bg5 Rc8 26. Nd2 Nc5 27. Ne4
Nxe4 28. dxe4 Nb6 29. Qd3 Nc4 30. Rb1 Ne5 31. Qd2 d3 32. Nc3 Nc4 33. Qf4 Be5
34. Qf3 Bxc3 35. bxc3 Nxa3 36. Rd1 Rxc3 37. Qf6 Rc6 38. Qb2 Qg4 39. Rxd3 Qxg5
40. f4 Qc5+ 41. Kf1 Qc1+ 0-1

[Event "Int. Stuttgarter Stadtmeisterschaft A"]
[Site "Ditzingen"]
[Date "2019.06.01"]
[Round "6.32"]
[White "Dölker, Kai"]
[Black "Scherer, Holger"]
[Result "0-1"]
[WhiteElo "1927"]
[BlackElo "2169"]
[PlyCount "76"]
[EventDate "2019.??.??"]
[WhiteTeam "SV Stuttgart-Wolfbusch 1956 e.V."]
[BlackTeam "SK Lauffen"]

1. f4 d5 2. Nf3 c5 3. e3 Nc6 4. Bb5 Bd7 5. O-O Nf6 6. b3 e6 7. Bb2 Be7 8. c4
dxc4 9. Bxc4 a6 10. Kh1 O-O 11. d4 b5 12. Be2 Nd5 13. Qd2 cxd4 14. Nxd4 Qb6 15.
Nxc6 Bxc6 16. Qd4 Qxd4 17. Bxd4 Bf6 18. Bxf6 Nxf6 19. Nd2 Rfd8 20. Rfd1 Rac8
21. Bf3 g6 22. h3 Bxf3 23. Nxf3 Rxd1+ 24. Rxd1 Nd5 25. Rd3 Rc2 26. a3 Re2 27.
Nd4 Re1+ 28. Kh2 Nxe3 29. g3 Nd5 30. Nc6 Re2+ 31. Kg1 Rc2 32. Ne5 a5 33. Nf3 b4
34. a4 h5 35. Ne5 f6 36. Nc4 Rc3 37. Rxc3 bxc3 38. Na3 Nb4 0-1

[Site "Ditzingen"]
[Date "2019.06.01"]
[Round "6.33"]
[White "Harig, Alexander"]
[Black "Wirth, Steffen"]
[Result "0-1"]
[WhiteElo "2076"]
[BlackElo "1842"]
[PlyCount "88"]
[EventDate "2019.??.??"]
[WhiteTeam "SK Schweich"]
[BlackTeam "SSV Zuffenhausen"]

1. c4 e5 2. g3 c5 3. Bg2 g6 4. e4 Bg7 5. Ne2 Ne7 6. O-O O-O 7. d3 Nbc6 8. f4 d6
9. Nbc3 Be6 10. Nd5 f5 11. Rb1 a5 12. a3 Rb8 13. Bd2 b5 14. Nxe7+ Nxe7 15. b3
fxe4 16. Bxe4 d5 17. cxd5 Bxd5 18. Be3 Rc8 19. Qc2 Nf5 20. Bf2 Nd4 21. Bxd4
cxd4 22. Qxc8 Qxc8 23. Bxd5+ Kh8 24. Rbc1 Qd7 25. Be4 Qe6 26. b4 Qa2 27. Rfe1
Qxa3 28. bxa5 Qxa5 29. Kh1 b4 30. Ra1 Qb5 31. fxe5 Bxe5 32. Ng1 Rf2 33. Nf3 b3
34. Kg1 Ra2 35. Rab1 Bf6 36. Red1 b2 37. Nd2 Bg5 38. Nc4 Bc1 39. Nxb2 Be3+ 40.
Kh1 Rxb2 41. Rxb2 Qxb2 42. Rf1 Qe2 43. Rf3 Kg7 44. h4 h5 0-1

[Event "Int. Stuttgarter Stadtmeisterschaft A"]
[Site "Ditzingen"]
[Date "2019.06.01"]
[Round "6.34"]
[White "Jakob, Georg"]
[Black "Kemper, Yannick"]
[Result "1-0"]
[WhiteElo "2002"]
[BlackElo "1856"]
[PlyCount "43"]
[EventDate "2019.??.??"]
[WhiteTeam "SG Königskinder Hohentübingen e."]
[BlackTeam "SK 1912 Ludwigshafen"]

1. e4 c5 2. Nf3 d6 3. d4 cxd4 4. Nxd4 Nf6 5. Nc3 a6 6. Be3 e5 7. Nb3 Be6 8. f4
exf4 9. Bxf4 d5 10. e5 Nfd7 11. Qf3 Nc6 12. Qg3 d4 13. Ne4 Bb4+ 14. c3 dxc3 15.
bxc3 Bf8 16. Ng5 Qe7 17. Be2 Bxb3 18. axb3 Ndxe5 19. O-O Qc5+ 20. Kh1 Be7 21.
b4 Qd6 22. Nxf7 1-0

[Event "Int. Stuttgarter Stadtmeisterschaft A"]
[Site "Ditzingen"]
[Date "2019.06.01"]
[Round "6.35"]
[White "ReichenbÃ¤cher, Thomas"]
[Black "Hardt, Anton"]
[Result "1-0"]
[WhiteElo "1949"]
[BlackElo "1816"]
[PlyCount "147"]
[EventDate "2019.??.??"]
[WhiteTeam "SVG Konstanz"]
[BlackTeam "SK Mannheim-Lindenhof 1865"]

1. c4 c6 2. Nf3 Nf6 3. g3 d5 4. d4 e6 5. Bg2 Bd6 6. O-O Nbd7 7. Nc3 O-O 8. Nd2
Re8 9. e4 dxe4 10. Ndxe4 Bc7 11. Be3 e5 12. d5 cxd5 13. cxd5 h6 14. Qb3 Nxe4
15. Nxe4 Nf6 16. Nc3 a6 17. Rad1 Bd6 18. Na4 b5 19. Nb6 Rb8 20. Nxc8 Rxc8 21.
Rc1 Qd7 22. Rc6 Rxc6 23. dxc6 Qe7 24. Rc1 Bc7 25. a4 bxa4 26. Qxa4 a5 27. Bc5
Qe6 28. Qc2 Rb8 29. Ba3 Rb6 30. Qc5 Ra6 31. Bf1 Ra8 32. Bc4 Qe8 33. Qe7 Qxe7
34. Bxe7 Ne4 35. Bd5 Nd6 36. g4 Re8 37. Bh4 g5 38. Bg3 Kg7 39. Re1 f6 40. f3
Rb8 41. b3 Rb5 42. Rd1 Rc5 43. Bf2 Rb5 44. Bc4 Rb8 45. Be6 Kf8 46. Kf1 Ke7 47.
Bd5 Rb5 48. Bc4 Rb8 49. Bc5 Rd8 50. Ke2 Rb8 51. Rd3 Rd8 52. Kd1 Ke8 53. Be6 Ke7
54. Bd7 Rb8 55. Kc2 Rb5 56. Ba3 Rb6 57. Rd5 Rb8 58. Bxd6+ Bxd6 59. Rxa5 Kd8 60.
Ra7 Bc7 61. Kc3 Bb6 62. Ra4 Bd4+ 63. Kc4 Kc7 64. b4 Kd6 65. b5 Rh8 66. Ra6 Rb8
67. Bf5 Re8 68. Be4 Rb8 69. c7+ Kxc7 70. Rxf6 Rh8 71. Bc6 Rb8 72. Rxh6 Rf8 73.
h4 gxh4 74. Rxh4 1-0

[Event "Int. Stuttgarter Stadtmeisterschaft A"]
[Site "Ditzingen"]
[Date "2019.06.01"]
[Round "6.36"]
[White "Kreyer, Steve"]
[Black "Dreyer, Andre"]
[Result "1-0"]
[WhiteElo "1792"]
[BlackElo "1938"]
[PlyCount "93"]
[EventDate "2019.??.??"]
[WhiteTeam "SC Feuerbach"]
[BlackTeam "SV Stockenhausen-Frommern"]

1. d4 Nf6 2. c4 e5 3. dxe5 Ng4 4. Bf4 Nc6 5. Nf3 Bb4+ 6. Nc3 Qe7 7. Qd5 f6 8.
exf6 Bxc3+ 9. bxc3 Nxf6 10. Qd3 d6 11. g3 O-O 12. Bg2 Ne4 13. O-O Nc5 14. Qd2
Na5 15. Nd4 Nxc4 16. Qc2 Ne5 17. a4 Kh8 18. a5 Rb8 19. Rab1 b6 20. Bxe5 Qxe5
21. Nc6 Bf5 22. e4 Bxe4 23. Bxe4 Qxe4 24. Qxe4 Nxe4 25. Nxb8 Rxb8 26. axb6 axb6
27. Rfc1 g5 28. Rb4 d5 29. Rd4 Nf6 30. h4 h6 31. hxg5 hxg5 32. f4 c5 33. Ra4
gxf4 34. Rxf4 Kg7 35. Re1 Ne4 36. c4 Nc3 37. Re7+ Kg6 38. Re6+ Kg5 39. Rff6 d4
40. Rxb6 Re8 41. Rbe6 Rd8 42. Kg2 Ne4 43. Rf4 Nc3 44. Kf3 d3 45. g4 Rh8 46.
Rf5+ Kh4 47. Re1 1-0

[Event "Int. Stuttgarter Stadtmeisterschaft A"]
[Site "Ditzingen"]
[Date "2019.06.01"]
[Round "6.37"]
[White "Ohler, Julius"]
[Black "Afonso, Nils"]
[Result "1/2-1/2"]
[WhiteElo "1837"]
[BlackElo "1927"]
[PlyCount "33"]
[EventDate "2019.??.??"]
[WhiteTeam "SG Trier"]
[BlackTeam "SF 59 Kornwestheim"]

1. d4 Nf6 2. c4 g6 3. Nc3 d5 4. cxd5 Nxd5 5. e4 Nxc3 6. bxc3 Bg7 7. Nf3 c5 8.
Be2 Nc6 9. Be3 cxd4 10. cxd4 Qa5+ 11. Qd2 Qxd2+ 12. Kxd2 O-O 13. Rhd1 Rd8 14.
Ke1 Bg4 15. Rab1 b6 16. d5 Na5 17. h3 1/2-1/2

[Event "Int. Stuttgarter Stadtmeisterschaft A"]
[Site "Ditzingen"]
[Date "2019.06.01"]
[Round "6.38"]
[White "Pfeifer, Wilfried"]
[Black "Kobald, Jacqueline"]
[Result "1/2-1/2"]
[WhiteElo "1935"]
[BlackElo "1839"]
[PlyCount "30"]
[EventDate "2019.??.??"]
[WhiteTeam "TSF Ditzingen"]
[BlackTeam "SV Stuttgart-Wolfbusch 1956 e.V."]

1. f4 Nf6 2. Nf3 g6 3. e3 Bg7 4. Be2 O-O 5. O-O c5 6. Nc3 Nc6 7. d3 d6 8. Bd2
Rb8 9. Qe1 b5 10. Nd1 a5 11. e4 a4 12. c3 b4 13. Ne3 Ng4 14. Nxg4 Bxg4 15. Rb1
Qd7 1/2-1/2

[Event "Int. Stuttgarter Stadtmeisterschaft A"]
[Site "Ditzingen"]
[Date "2019.06.01"]
[Round "6.39"]
[White "Jaster, Dirk"]
[Black "Potapov, Aleksey"]
[Result "0-1"]
[WhiteElo "1863"]
[BlackElo "1925"]
[PlyCount "128"]
[EventDate "2019.??.??"]
[WhiteTeam "SC Feuerbach e. V."]
[BlackTeam "Stuttgarter SF 1879"]

1. c4 e5 2. Nc3 Nf6 3. Nf3 Nc6 4. e3 Be7 5. Be2 O-O 6. O-O d5 7. cxd5 Nxd5 8.
e4 Nf4 9. d3 Nxe2+ 10. Qxe2 Bg4 11. Be3 f5 12. exf5 Rxf5 13. Ne4 Bxf3 14. gxf3
Qf8 15. Kg2 Re8 16. Kg1 Nd4 17. Bxd4 exd4 18. Rae1 Bb4 19. Nf6+ Rxf6 20. Qxe8
Bxe1 21. Qxf8+ Kxf8 22. Rxe1 Rg6+ 23. Kf1 Kf7 24. Re5 c6 25. Re4 Rd6 26. f4 a5
27. Ke2 c5 28. Kf3 a4 29. Re5 Rc6 30. Ke4 b6 31. Kd5 Rf6 32. Re4 Rh6 33. Kc4
Rxh2 34. Re2 Rh6 35. Kb5 Rf6 36. Kxa4 Rxf4 37. Kb5 Rf6 38. b4 cxb4 39. Kxb4 h5
40. Kc4 Rd6 41. Re5 Kg6 42. f4 Kh6 43. f5 Kg5 44. f6+ Kxf6 45. Rxh5 g5 46. Rh6+
Ke5 47. Rh8 g4 48. Re8+ Kf4 49. Rf8+ Kg3 50. a4 Kg2 51. Rg8 g3 52. Kb5 Kf2 53.
Rf8+ Kg1 54. Rg8 g2 55. Kc4 Rf6 56. Kxd4 Rf4+ 57. Kd5 Rxa4 58. Ke5 Rh4 59. d4
Kh2 60. d5 g1=Q 61. Rxg1 Kxg1 62. d6 b5 63. Kd5 b4 64. d7 Rh8 0-1

[Event "Int. Stuttgarter Stadtmeisterschaft A"]
[Site "Ditzingen"]
[Date "2019.06.02"]
[Round "7.1"]
[White "Sumets, Andrey"]
[Black "Kabisch, Thilo"]
[Result "1-0"]
[WhiteElo "2585"]
[BlackElo "2341"]
[PlyCount "69"]
[EventDate "2019.??.??"]
[WhiteTeam "SF Lilienthal von 1971"]
[BlackTeam "SK Schmiden/Cannstatt"]

1. d4 Nf6 2. Nf3 d6 3. Nc3 Nbd7 4. e4 e5 5. g3 Be7 6. Bg2 O-O 7. O-O c6 8. a4
a5 9. Re1 Re8 10. h3 Bf8 11. Be3 b6 12. Nd2 Bb7 13. Qb1 Qc7 14. Qa2 Rad8 15.
Rad1 Qb8 16. Nc4 Ba6 17. Bf1 Qb7 18. Qb3 exd4 19. Bxd4 d5 20. exd5 cxd5 21.
Rxe8 Rxe8 22. Nxb6 Bxf1 23. Kxf1 Bb4 24. Nbxd5 Qc6 25. Kg1 Bxc3 26. Nxf6+ gxf6
27. Bxc3 Ne5 28. Qd5 Qxa4 29. b3 Qa2 30. Qe4 Qa3 31. Rd5 Re6 32. Rxa5 Qc1+ 33.
Kg2 Ng6 34. Qf5 Ne7 35. Bxf6 1-0

[Event "Int. Stuttgarter Stadtmeisterschaft A"]
[Site "Ditzingen"]
[Date "2019.06.02"]
[Round "7.2"]
[White "Nasuta, Grzegorz"]
[Black "Schröder, Jan-Christian"]
[Result "1/2-1/2"]
[WhiteElo "2518"]
[BlackElo "2569"]
[PlyCount "64"]
[EventDate "2019.??.??"]
[WhiteTeam "Godesberger SK 1929 e. V"]
[BlackTeam "SV 1920 Hofheim"]

1. e4 e5 2. Nf3 Nc6 3. d4 exd4 4. Nxd4 Nf6 5. Nxc6 bxc6 6. e5 Qe7 7. Qe2 Nd5 8.
c4 Nb6 9. Nc3 Ba6 10. Qe4 f6 11. exf6 Qxe4+ 12. Nxe4 gxf6 13. Nxf6+ Kf7 14. Ng4
Re8+ 15. Ne3 Bxc4 16. Bxc4+ Nxc4 17. O-O Nb6 18. Bd2 Bg7 19. Rab1 Re4 20. b3
Rhe8 21. Nf5 Bh8 22. Rfe1 c5 23. Rxe4 Rxe4 24. Ne3 d5 25. Rc1 d4 26. Rxc5 dxe3
27. Rxc7+ Kg6 28. fxe3 Nd5 29. Rxa7 Nxe3 30. Ra4 Re6 31. Bxe3 Rxe3 32. Kf2 Rc3
1/2-1/2

[Event "Int. Stuttgarter Stadtmeisterschaft A"]
[Site "Ditzingen"]
[Date "2019.06.02"]
[Round "7.3"]
[White "Morgunov, Daniel"]
[Black "Zuferi, Enis"]
[Result "1/2-1/2"]
[WhiteElo "2290"]
[BlackElo "2337"]
[PlyCount "24"]
[EventDate "2019.??.??"]
[BlackTeam "Heilbronner SV"]

1. e4 e5 2. Nf3 Nc6 3. Bb5 a6 4. Ba4 Nf6 5. O-O b5 6. Bb3 Bc5 7. c3 d6 8. a4
Rb8 9. d4 Bb6 10. a5 Ba7 11. h3 O-O 12. Be3 Ra8 1/2-1/2

[Event "Int. Stuttgarter Stadtmeisterschaft A"]
[Site "Ditzingen"]
[Date "2019.06.02"]
[Round "7.4"]
[White "Ciolek, Andreas"]
[Black "Antoniewski, Rafal"]
[Result "1/2-1/2"]
[WhiteElo "2241"]
[BlackElo "2500"]
[PlyCount "74"]
[EventDate "2019.??.??"]
[WhiteTeam "Münchener SC 1836 e.V."]

1. e4 c6 2. Nc3 d5 3. Nf3 Nf6 4. e5 Ne4 5. Ne2 Qb6 6. d4 e6 7. Ng3 c5 8. c3 Nc6
9. Bd3 Nxg3 10. hxg3 cxd4 11. cxd4 Bd7 12. Kf1 Rc8 13. g4 Nb4 14. Bb1 Bb5+ 15.
Kg1 Be2 16. Qxe2 Rxc1+ 17. Kh2 Rxh1+ 18. Kxh1 Be7 19. g3 h5 20. gxh5 Rxh5+ 21.
Kg2 g6 22. Bc2 Kf8 23. Ba4 Nc6 24. Bxc6 bxc6 25. Rc1 Kg7 26. Qc2 Rh8 27. b3 Ba3
28. Rh1 Rxh1 29. Kxh1 c5 30. dxc5 Bxc5 31. Kg2 Qb4 32. Qd3 Bb6 33. Ng5 Bd8 34.
Qe3 Bxg5 35. Qxg5 Qe4+ 36. Kg1 Qe1+ 37. Kg2 Qe4+ 1/2-1/2

[Event "Int. Stuttgarter Stadtmeisterschaft A"]
[Site "Ditzingen"]
[Date "2019.06.02"]
[Round "7.5"]
[White "Gheng, Dominik"]
[Black "Neyman, Igor"]
[Result "0-1"]
[WhiteElo "2061"]
[BlackElo "2331"]
[PlyCount "167"]
[EventDate "2019.??.??"]
[WhiteTeam "Schach-Kids Bernhausen e.V."]
[BlackTeam "Stuttgarter SF 1879"]

1. e4 c5 2. c4 Nc6 3. Nc3 g6 4. g3 Bg7 5. Bg2 e6 6. Nge2 Nge7 7. O-O d6 8. a3 b6
9. d3 Bb7 10. Rb1 Qd7 11. b4 O-O 12. Be3 Nd4 13. f4 f5 14. Bf2 Rad8 15. Nxd4
cxd4 16. Nb5 Nc6 17. a4 Ba8 18. exf5 gxf5 19. Na3 Kh8 20. b5 Ne7 21. Bxa8 Rxa8
22. Nc2 e5 23. Qf3 a5 24. Ne1 Rac8 25. Ng2 Ng6 26. h4 Bf6 27. h5 Ne7 28. Rfe1
Rg8 29. Kh2 Rg4 30. Rh1 Rcg8 31. Rbe1 Qc7 32. Kg1 Qc8 33. Kf1 h6 34. Rh3 Kh7
35. Re2 R8g7 36. Nh4 Rf7 37. Ng2 Qc5 38. Nh4 Rg8 39. fxe5 Bxe5 40. Ng6 Nxg6 41.
hxg6+ Rxg6 42. Rh5 Rgf6 43. Be1 Qc8 44. Reh2 Rg7 45. Bd2 Rgg6 46. Bg5 Re6 47.
Qxf5 Kg8 48. Rxh6 Bg7 49. g4 Bxh6 50. Rxh6 Rxh6 51. Bxh6 Qe8 52. Qg5+ Rg6 53.
Qf4 Qf7 54. Qxf7+ Kxf7 55. g5 Ke6 56. Kf2 Kf5 57. Kf3 Re6 58. Kf2 Kg6 59. Bf8
Kf7 60. Bh6 Re5 61. Kf1 d5 62. cxd5 Rxd5 63. Ke2 Re5+ 64. Kd2 Kg6 65. Kc1 Rc5+
66. Kd2 Rc8 67. Kd1 Rc3 68. Kd2 Ra3 69. Bf8 Rxa4 70. Bd6 Kxg5 71. Bc7 Kf5 72.
Bxb6 Ke5 73. Bc7+ Kd5 74. b6 Kc6 75. Kc2 Kb7 76. Kb3 Rb4+ 77. Ka3 Rxb6 78. Be5
Rb4 79. Bd6 Rb5 80. Ka4 Ka6 81. Ba3 Rb1 82. Bc5 Rb5 83. Bd6 Kb6 84. Ka3 0-1

[Event "Int. Stuttgarter Stadtmeisterschaft A"]
[Site "Ditzingen"]
[Date "2019.06.02"]
[Round "7.6"]
[White "Morgunov, Marc"]
[Black "Becker, Matthias"]
[Result "0-1"]
[WhiteElo "2364"]
[BlackElo "2287"]
[PlyCount "140"]
[EventDate "2019.??.??"]
[BlackTeam "BG Buchen"]

1. e4 g6 2. d4 Bg7 3. Nc3 c6 4. Nf3 d5 5. h3 dxe4 6. Nxe4 Nd7 7. Bc4 Ngf6 8.
Nxf6+ Nxf6 9. O-O Qc7 10. Re1 O-O 11. c3 b5 12. Bb3 a5 13. Ne5 a4 14. Bc2
Nd5 15. a3 Be6 16. Be4 Rad8 17. Bxd5 Bxd5 18. Bf4 Qc8 19. Nd3 Rfe8 20. Qg4 Qxg4
21. hxg4 Be6 22. f3 h6 23. Be5 Bf8 24. Bg3 Bb3 25. Nc5 Bc4 26. Re3 e5 27. Ne4
Bg7 28. dxe5 Bxe5 29. Bxe5 Rxe5 30. Nf6+ Kg7 31. Rxe5 Kxf6 32. Rc5 Rd2 33. Rxc6+
Kg7 34. Rb1 Ba2 35. Rf1 Rxb2 36. Rf2 Rb1+ 37. Rf1 Rb2 38. Ra1 Bc4 39. Kh2
Bd5 40. Rc5 Bxf3 41. c4 Rxg2+ 42. Kh3 Rc2 43. Rxb5 Rxc4 44. g5 Bg4+ 45. Kh2 hxg5
46. Rab1 Rc2+ 47. Kg1 Ra2 48. Rxg5 Bf5 49. Rf1 Be6 50. Ra5 Rxa3 51. Kh2 Rh3+
52. Kg2 Re3 53. Rf3 Re2+ 54. Rf2 Rxf2+ 55. Kxf2 Bb3 56. Kg3 Kf6 57. Kf4 Ke6
58. Ke4 Kd6 59. Kd4 Kc6 60. Kc3 Kb6 61. Rg5 Kc6 62. Ra5 Kd6 63. Kd4 Ke6 64. Ke4
Bc2+ 65. Ke3 f6 66. Ra6+ Kf5 67. Rc6 Bb3 68. Rc5+ Kg4 69. Rc6 Kg5 70. Kf3
Bd5+
0-1

[Event "Int. Stuttgarter Stadtmeisterschaft A"]
[Site "Ditzingen"]
[Date "2019.06.02"]
[Round "7.7"]
[White "Schröter, Samuel"]
[Black "Ikonnikov, Vyacheslav"]
[Result "0-1"]
[WhiteElo "2161"]
[BlackElo "2503"]
[PlyCount "68"]
[EventDate "2019.??.??"]
[WhiteTeam "SC Böblingen 1975 e.V."]
[BlackTeam "SF Bad Mergentheim"]

1. c4 c5 2. g3 Nc6 3. Bg2 g6 4. Nc3 Bg7 5. Nf3 e6 6. d3 Nge7 7. O-O O-O 8. Rb1
d5 9. cxd5 exd5 10. Bg5 h6 11. Bf4 b6 12. Qc1 g5 13. Bd2 d4 14. Na4 Be6 15. b4
cxb4 16. h4 g4 17. Ne1 Kh7 18. Bxc6 Rc8 19. Be4+ f5 20. Qd1 fxe4 21. dxe4 a5
22. Bxb4 axb4 23. Rxb4 Rc6 24. Nd3 Bxa2 25. Qd2 Bc4 26. Nf4 b5 27. Nb2 Ng6 28.
Nxg6 Kxg6 29. e5 Rf5 30. Rc1 Bf8 31. Rbxc4 bxc4 32. Nxc4 Kg7 33. Qb2 Qd5 34. e4
Qxe4 0-1

[Event "Int. Stuttgarter Stadtmeisterschaft A"]
[Site "Ditzingen"]
[Date "2019.06.02"]
[Round "7.8"]
[White "Hess, Max"]
[Black "Aring, Gerd"]
[Result "1-0"]
[WhiteElo "2344"]
[BlackElo "2180"]
[PlyCount "119"]
[EventDate "2019.??.??"]
[WhiteTeam "SC Garching 1980 e.V."]
[BlackTeam "SV NÃ¼rtingen 1920"]

1. e4 c5 2. Nf3 Nc6 3. Bb5 g6 4. Bxc6 dxc6 5. d3 Bg7 6. h3 e5 7. a4 h6 8. Be3
Qd6 9. Na3 Be6 10. a5 Ne7 11. Nd2 Nc8 12. Nac4 Qe7 13. Nb3 f5 14. exf5 gxf5 15.
Qh5+ Qf7 16. Qxf7+ Kxf7 17. Nxc5 Bxc4 18. dxc4 Nd6 19. O-O-O Rhd8 20. a6 bxa6
21. b3 f4 22. Bd2 Nf5 23. Ba5 Rxd1+ 24. Rxd1 Bf8 25. Nd3 Re8 26. Bc7 Kf6 27.
Re1 Bd6 28. Bxd6 Nxd6 29. c5 Nb7 30. Re4 Re6 31. Kd2 a5 32. Ke2 Kf5 33. Kf3 Nd8
34. g3 fxg3 35. fxg3 Nf7 36. g4+ Kg5 37. Kg3 h5 38. h4+ Kf6 39. Nf2 hxg4 40.
Nxg4+ Kf5 41. Kf3 Re8 42. Ne3+ Ke6 43. Ra4 Rh8 44. Kg3 Rg8+ 45. Rg4 Nh6 46.
Rxg8 Nxg8 47. h5 Nf6 48. h6 Kf7 49. Nc4 Kg6 50. Nxa5 Kxh6 51. Kf3 Nd7 52. b4
Kg5 53. Ke4 Kf6 54. Nxc6 Ke6 55. Nxa7 Nf6+ 56. Kd3 Kd7 57. c4 Kc7 58. Nb5+ Kc6
59. Nc3 Kc7 60. Nd5+ 1-0

[Event "Int. Stuttgarter Stadtmeisterschaft A"]
[Site "Ditzingen"]
[Date "2019.06.02"]
[Round "7.9"]
[White "Sprangers, Remco"]
[Black "Doll, Michael"]
[Result "1-0"]
[WhiteElo "2230"]
[BlackElo "2159"]
[PlyCount "81"]
[EventDate "2019.??.??"]
[BlackTeam "SV Nürtingen 1920"]

1. e4 c5 2. Nf3 a6 3. c3 d5 4. exd5 Qxd5 5. d4 Nf6 6. Be2 g6 7. O-O Bg7 8. Ne5
cxd4 9. cxd4 O-O 10. Bf3 Qa5 11. Na3 Nbd7 12. Nac4 Qd8 13. Qb3 Ra7 14. Bg5 Nb8
15. Rfd1 b5 16. Ne3 Bb7 17. d5 Qd6 18. Nc6 Ra8 19. Na5 Bc8 20. Rac1 Nbd7 21.
Bh4 Nh5 22. Bxh5 gxh5 23. Nf5 Nc5 24. Nxd6 Nxb3 25. Nxc8 Nxc1 26. Nxe7+ Kh8 27.
Rxc1 Rad8 28. b3 Rd7 29. g3 h6 30. Rc6 Ra8 31. b4 Kh7 32. Nb3 Be5 33. Nc5 Rc7
34. Rxc7 Bxc7 35. Nf5 Kg6 36. d6 Kxf5 37. dxc7 Ke5 38. Nxa6 Kd6 39. Bd8 Kd7 40.
Nc5+ Kc6 41. Kg2 1-0

[Event "Int. Stuttgarter Stadtmeisterschaft A"]
[Site "Ditzingen"]
[Date "2019.06.02"]
[Round "7.10"]
[White "Müller, Thomas"]
[Black "Poysti, Nathanael"]
[Result "1/2-1/2"]
[WhiteElo "2001"]
[BlackElo "2219"]
[PlyCount "40"]
[EventDate "2019.??.??"]
[WhiteTeam "SV Schömberg"]

1. d4 Nf6 2. Nf3 e6 3. e3 b6 4. Bd3 Bb7 5. Nbd2 d5 6. b3 Bd6 7. Bb2 O-O 8. O-O
c5 9. Ne5 Nbd7 10. Qf3 Qc7 11. Nxd7 Nxd7 12. dxc5 Nxc5 13. Bxh7+ Kxh7 14. Qh5+
Kg8 15. Bxg7 f6 16. Bxf8 Rxf8 17. c4 Rf7 18. cxd5 Rh7 19. Qg6+ Rg7 20. Qe8+ Kh7
1/2-1/2

[Event "Int. Stuttgarter Stadtmeisterschaft A"] 
[Site "Ditzingen"] 
[Date "2019.06.02"] 
[Round "7.11"] 
[White "Yi, Danny"] 
[Black "Blum, Frederik"] 
[Result "1-0"] 
[WhiteElo "2231"] 
[BlackElo "1994"] 
[PlyCount "59"] 
[EventDate "2019.??.??"] 
[WhiteTeam "SF 59 Kornwestheim"] 
[BlackTeam "Spvgg Böblingen"]

1. e4 c5 2. Nf3 d6 3. d4 cxd4 4. Nxd4 Nf6 5. Nc3 g6 6. f4 Nc6 7. Nf3 Nd7 8.
Bc4 Nb6 9. Bd3 Bg7 10. O-O O-O 11. a3 Be6 12. Qe2 Rc8 13. f5 Bd7 14. Bd2 Na5 15.
fxg6 hxg6 16. Qe1 Nbc4 17. Bc1 Ne5 18. Nd5 e6 19. Nxe5 Bxe5 20. Ne3 Kg7 21.
Ng4 Bd4+ 22. Kh1 Rh8 23. c3 Bb6 24. Bh6+ Rxh6 25. Nxh6 Kxh6 26. Rxf7 Nc4 27.
Bxc4 Rxc4 28. Qd2+ g5 29. Raf1 Kg6 30. Qd3 1-0

[Event "Int. Stuttgarter Stadtmeisterschaft A"]
[Site "Ditzingen"]
[Date "2019.06.02"]
[Round "7.12"]
[White "Dudek, Richard"]
[Black "Forster, Lukas"]
[Result "1-0"]
[WhiteElo "2240"]
[BlackElo "1745"]
[PlyCount "51"]
[EventDate "2019.??.??"]
[WhiteTeam "SC Eppingen"]
[BlackTeam "Stuttgarter SF 1879"]

1. e4 g6 2. d4 Bg7 3. f4 d6 4. Nf3 Bg4 5. c3 c5 6. dxc5 dxc5 7. Bb5+ Nd7 8. h3
Bxf3 9. Qxf3 a6 10. Bc4 Nb6 11. Bb3 Qc7 12. O-O c4 13. Bc2 Nf6 14. Be3 O-O 15.
Nd2 Rac8 16. Bd4 Rfd8 17. e5 Nfd5 18. Ne4 Nd7 19. Rae1 Nf8 20. f5 Bxe5 21. Bxe5
Qxe5 22. fxg6 fxg6 23. Qf7+ Kh8 24. Nf6 Qxf6 25. Rxf6 exf6 26. Qxb7 1-0

[Event "Int. Stuttgarter Stadtmeisterschaft A"] 
[Site "Ditzingen"] 
[Date "2019.06.02"] 
[Round "7.13"] 
[White "Hefner, Felix"] 
[Black "Bräuner, Uwe"] 
[Result "1/2-1/2"] [WhiteElo "2004"] 
[BlackElo "2163"] 
[PlyCount "71"] 
[EventDate "2019.??.??"] 
[WhiteTeam "BG Buchen"] 
[BlackTeam "SF Pfullingen"]

1. d4 d5 2. c4 e6 3. Nf3 Nf6 4. g3 c6 5. Bg2 Nbd7 6. Nbd2 Be7 7. O-O O-O 8.
e3 b6 9. a3 Bb7 10. b4 a5 11. b5 c5 12. Bb2 Rc8 13. Rc1 Rc7 14. Qe2 Qa8 15.
Rfd1 Rfc8 16. dxc5 Nxc5 17. Be5 Rd7 18. Nd4 Nce4 19. Nxe4 Nxe4 20. Nxe6 fxe6 21.
Bxe4 Bxa3 22. Ra1 Bd6 23. Bxd6 Rxd6 24. Qh5 g6 25. Qe5 Rcd8 26. Rd4 Qc8 27.
Rad1 Qc5 28. h4 Qc7 29. cxd5 Qg7 30. Qg5 h6 31. Qxg6 Qxg6 32. Bxg6 Rxd5 33.
Rxd5 Rxd5 34. Rxd5 Bxd5 35. Bc2 Kg7 36. g4 1/2-1/2

[Event "Int. Stuttgarter Stadtmeisterschaft A"]
[Site "Ditzingen"]
[Date "2019.06.02"]
[Round "7.14"]
[White "FÃ¶rster, Bernhard"]
[Black "Schaffert, Walter"]
[Result "1-0"]
[WhiteElo "2151"]
[BlackElo "2055"]
[PlyCount "61"]
[EventDate "2019.??.??"]
[WhiteTeam "SK Bietigheim-Bissingen"]
[BlackTeam "SG Ludwigsburg 1919"]

1. c4 Nf6 2. Nc3 g6 3. g3 Bg7 4. Bg2 O-O 5. Nf3 d6 6. O-O Nc6 7. Rb1 e5 8. d3
a5 9. a3 Re8 10. Nd2 Nd4 11. e3 Ne6 12. b4 axb4 13. axb4 c6 14. Qb3 h5 15. Nf3
Nh7 16. Bb2 Neg5 17. Nxg5 Nxg5 18. Ne2 Nh3+ 19. Kh1 h4 20. f4 hxg3 21. hxg3
exf4 22. Nxf4 Rxe3 23. Bxg7 Rxg3 24. Qb2 Qh4 25. Qf6 g5 26. Nxh3 Qh5 27. Bh6
Rxh3+ 28. Kg1 Qxh6 29. Qxf7+ Kh8 30. Qe8+ Kh7 31. Be4+ 1-0

[Event "Int. Stuttgarter Stadtmeisterschaft A"]
[Site "Ditzingen"]
[Date "2019.06.02"]
[Round "7.16"]
[White "Khamenya, Vitalia"]
[Black "Schwab, Matthias"]
[Result "0-1"]
[WhiteElo "1877"]
[BlackElo "2114"]
[PlyCount "54"]
[EventDate "2019.??.??"]
[WhiteTeam "SK GrÃ¤felfing"]
[BlackTeam "SC WeiÃŸe Dame Ulm e.V."]

1. d4 d5 2. e3 Nf6 3. Bd3 c5 4. c3 g6 5. Nf3 Nc6 6. O-O Bg7 7. Nbd2 O-O 8. Re1
Nd7 9. Bc2 e5 10. dxe5 Ndxe5 11. e4 d4 12. cxd4 Nxd4 13. Nxd4 Qxd4 14. Nb3 Qxd1
15. Rxd1 b6 16. f4 Nc6 17. e5 Be6 18. Be4 Rac8 19. Be3 Nb4 20. Rd2 Rfd8 21. a3
Rxd2 22. Bxd2 Nc6 23. Nc1 f6 24. Nd3 Nd4 25. exf6 Bxf6 26. Ne5 Nb3 27. Rd1 Bxe5
0-1

[Event "Int. Stuttgarter Stadtmeisterschaft A"]
[Site "Ditzingen"]
[Date "2019.06.02"]
[Round "7.17"]
[White "Einwiller, Dieter"]
[Black "Scholtes, Benedikt"]
[Result "1/2-1/2"]
[WhiteElo "2104"]
[BlackElo "2046"]
[PlyCount "38"]
[EventDate "2019.??.??"]
[WhiteTeam "SF Pfullingen"]
[BlackTeam "SG Trier"]

1. d4 d6 2. Nc3 Nf6 3. Bf4 Nbd7 4. Nf3 c6 5. e4 Qb6 6. Qd2 e6 7. Rb1 Be7 8. Bd3
Qc7 9. O-O e5 10. Bg3 h6 11. h3 g5 12. dxe5 dxe5 13. Nd4 Nh5 14. Nf5 Bc5 15. b4
Nxg3 16. Nxg3 Be7 17. b5 Nc5 18. Nf5 Bxf5 19. exf5 Rd8 1/2-1/2

[Event "Int. Stuttgarter Stadtmeisterschaft A"]
[Site "Ditzingen"]
[Date "2019.06.02"]
[Round "7.18"]
[White "Ludwig, Sebastian"]
[Black "Gabriel, Robert"]
[Result "0-1"]
[WhiteElo "2034"]
[BlackElo "2242"]
[PlyCount "53"]
[EventDate "2019.??.??"]
[WhiteTeam "SV Stuttgart-Wolfbusch"]
[BlackTeam "Stuttgarter SF"]

1. e4 c5 2. Nf3 e6 3. g3 d5 4. exd5 exd5 5. d4 Nf6 6. Bg2 Be7 7. O-O Nc6 8.
dxc5 Bxc5 9. Bg5 O-O 10. Bxf6 Qxf6 11. Qxd5 Qxb2 12. Nbd2 Be7 13. Rab1 Qxc2 14.
Rfc1 Qa4 15. Ne5 Nxe5 16. Qxe5 Bf6 17. Qc7 Qxa2 18. Ne4 Bd4 19. Rb4 Bb6 20. Qe5
Bd7 21. Rd1 Rae8 22. Qh5 Rxe4 23. Bxe4 Qxf2+ 24. Kh1 g6 25. Qh4 Re8 26. Rc1
Rxe4 27. Rxe4 0-1